| 000 | 01090nam a2200229 a 4500 | ||
|---|---|---|---|
| 001 | 22180 | ||
| 003 | CO-ViMGA | ||
| 008 | 141112s2004 ck r 000 u spa d | ||
| 020 | _a9789580498483 | ||
| 040 |
_aCO-ViMGA _bspa _cCO-ViMGA |
||
| 082 | 0 | 4 | _aHORva |
| 100 | 1 |
_aHorvath, Polly _931577 |
|
| 245 | 1 | 0 | _aLas Vacaciones |
| 260 |
_aBogotá : _bNorma, _c2007 |
||
| 300 | _a304p | ||
| 490 | _aTorre de papel. Torre amarilla | ||
| 505 | _aUna breve historia 9 - - La gripe 21 - - Magnolia empeora 39 - - La fiesta de cumpleaños 49 - - La idea de la tía Magnolia Playa Virginia 69 - - El Dogs O'Doodle 77 - - La playa 89 - - El Valle del Shenandoah 101 - - El centro comercial 121 - - Chet 137 - - Florida 151 - - Las cuatro torres 173 - - Texas 205 - - Oklahoma 217 - - Colorado 239 - - Monte Rushmore 259 - - Pate de gato 269 - - Bienvenidos a Iowa 295 | ||
| 590 | _aForma de adquisición : Compra - - Precio : 18.300 - - Proveedor : Bernalibros - - Fecha de adquisición : Octubre 2007 | ||
| 650 | 1 | 4 | _aNOVELA CANADIENSE |
| 650 | 1 | 4 |
_aVACACIONES - NOVELA _916301 |
| 942 |
_2ddc _cBK |
||
| 999 |
_c30607 _d30607 |
||